Tre trio Concertanti Per Violino, Viola e Violoncello /

Hlavní autor: Rolla, Alessandro, 1757-1841
Jazyk: Nelze použít, není lingvistický obsah
Vydáno: In Milano : In Firenze : Presso Gio. Ricordi, dirimpetto all' I. R. Teatro alla Scala ;Presso Ricordi, Pezzi e C., [1827?]
Témata:
Externí odkaz: Zobrazení hudebního incipitu
Fyzický popis: 3 hlasy (27, 20, 21 s.) ; 36 cm
Hudebniny Hudebniny
Uloženo v:
LEADER 01801ncm a22003852a 4500
001 001195819
003 CZ BrMZK
005 20180530082013.0
007 qu
008 120221s1827 it zz||g||||||||||||zxx d
031 |a 01  |b 01  |c 01  |d Allegro Brillante  |m vl 1  |g G-2  |n xFCG  |o c  |p 'gA''4..A{3GF}8E-F-/'B-''E-4-{6DCD'B}/  |r A  |2 pe 
040 |a BOA001  |b cze 
043 |a e-it--- 
045 |a v-w- 
048 |a sa01  |a sb01  |a sc01 
072 7 |a 787  |x Hudba pro strunné a smyčcové nástroje  |2 Konspekt  |9 9 
080 |a 787.1/.4:785.73  |2 MRF 
080 |a 785.7  |2 MRF 
080 |a 78.087  |2 MRF 
100 1 |a Rolla, Alessandro,  |d 1757-1841  |7 jn20000604684  |4 cmp 
245 1 0 |a Tre trio Concertanti  |h [hudebnina] :  |b Per Violino, Viola e Violoncello /  |c Composti e dedicati All'Illustrisimo Signor Marchese Giulio Orsini di Roma, Ciambellano di S.M.I.R.A., d aAlessandro Rolla, Primo Violine Maestro nell'I.R. Conservatorio di Musica e Direttore d'Orchestra nell'I.R. teatro alla Scala 
260 |a In Milano :  |b Presso Gio. Ricordi, dirimpetto all' I. R. Teatro alla Scala ;  |a In Firenze :  |b Presso Ricordi, Pezzi e C.,  |c [1827?] 
300 |a 3 hlasy (27, 20, 21 s.) ;  |c 36 cm 
500 |a Tisk vtlačenou plotnou 
648 7 |a 18.-19. století  |7 ch757018 
650 0 7 |a smyčcová tria  |7 ph254876  |z Itálie  |y 18.-19. stol.  |2 czenas 
650 0 7 |a komorní hudba  |7 ph121752  |2 czenas 
655 7 |a hlasy  |7 fd186703  |2 czenas 
655 7 |a hudební staré tisky  |7 fd278470  |2 czenas 
856 4 1 |u http://audioserver.mzk.cz/incipity/png/001195819-010101.png  |y Zobrazení hudebního incipitu 
910 |a BOA001  |b STMus4-0354.829 
990 |a MU 
993 |a Y 
991 |b 201202 
996 6 |b 2619613383  |c STMus4-0354.829  |l Stud. starých tisků/4.patro  |r Sklad / do násl. otevíracího dne  |n 0  |w 001229440  |x 9  |u 000010  |a 1  |e BOA001  |j MZK50  |s P